Die Eroberung des Menichen (Record no. 3677)

MARC details
000 -CABECERA
campo de control de longitud fija 00532nam a2200205 a 4500
001 - NÚMERO DE CONTROL
campo de control BRCA_3950
005 - FECHA Y HORA DE LA ÚLTIMA TRANSACCIÓN
campo de control 20190320204504.0
008 - DATOS DE LONGITUD FIJA--INFORMACIÓN GENERAL
campo de control de longitud fija 130110s1904----gw-#######---#000-0#ger-#
041 ## - CÓDIGO DE LENGUA
Código de lengua del texto/banda sonora o título independiente ger
044 ## - CÓDIGO DEL PAÍS DE LA ENTIDAD EDITORA/PRODUCTORA
Código MARC del país gw
050 #4 - SIGNATURA TOPOGRÁFICA DE LA BIBLIOTECA DEL CONGRESO
Número de clasificación F1230
Número de documento/Ítem .B65 1904
100 1# - ENTRADA PRINCIPAL--NOMBRE DE PERSONA
Nombre de persona Boliche, Wilhelm
9 (RLIN) 10276
245 10 - MENCIÓN DE TÍTULO
Título Die Eroberung des Menichen
Mención de responsabilidad, etc. Wilhelm Boliche.
260 ## - PUBLICACIÓN, DISTRIBUCIÓN, ETC.
Lugar de publicación, distribución, etc. Berlín
Nombre del editor, distribuidor, etc. F. Wunder
Fecha de publicación, distribución, etc. 1904
300 ## - DESCRIPCIÓN FÍSICA
Extensión 173 p.
Otras características físicas il.
Dimensiones 18 cm.
500 ## - NOTA GENERAL
Nota general CDE7
651 #4 - PUNTO DE ACCESO ADICIONAL DE MATERIA--NOMBRE GEOGRÁFICO
Nombre geográfico México
Subdivisión general Historia
Subdivisión cronológica Conquista, 1519-1540
9 (RLIN) 442
902 ## - CATALOGADOR
Iniciales GFM
942 ## - ELEMENTOS DE PUNTO DE ACCESO ADICIONAL (KOHA)
Fuente del sistema de clasificación o colocación Library of Congress Classification
Tipo de ítem Koha Libros
Holdings
Estado de retiro Estado de pérdida Estado dañado No para préstamo Localización permanente Ubicación/localización actual Fecha de adquisición Número de inventario Total de préstamos Signatura topográfica completa Código de barras Fecha visto por última vez Precio válido a partir de Tipo de ítem Koha
El ejemplar forma parte de la colección y puede ser consultado según las políticas vigentes.       Biblioteca del Museo Franz Mayer (Rogerio Casas-Alatriste) Biblioteca del Museo Franz Mayer (Rogerio Casas-Alatriste) 13/01/2010 CDE7   F1230 .B65 1904 (CDE7) 3947 22/03/2019 22/03/2019 Libros